| 000 | 00393 a2200133 4500 | ||
|---|---|---|---|
| 001 | 91366 | ||
| 082 | _aPR 1271 | ||
| 090 |
_c43488 _d43487 |
||
| 100 | _aSaqib Jassal; Prof Salim-ur-Rehman and Zubair Islam (Advisors) | ||
| 245 |
_aAirfoil Shape Optimization for Aerodynamic Improvement _n48 "A" EC |
||
| 260 |
_aKarachi _bNED University _c1998 |
||
| 300 | _a40p | ||
| 500 | _aBE project Reports | ||
| 942 |
_aCAE NUST _kPR 1271 |
||
| 999 |
_c326439 _d326439 |
||